Countries with The Highest Agricultural Densities - Statistics

General Stats
  • This quiz has been taken 21 times
  • The average score is 9 of 20
Answer Stats
#/mi^2 Answer % Correct
3.0 Bangladesh
80%
6.7 China
75%
4.9 D.R. Congo
70%
5.8 Vietnam
70%
4.7 Kenya
65%
5.7 Rwanda
60%
5.5 Burundi
55%
8.6 Maldives
50%
4.6 Bhutan
45%
10.0 Seychelles
45%
9.0 Djibouti
40%
6.8 Egypt
40%
5.5 Somalia
35%
3.5 Bahrain
30%
5.3 Eritrea
30%
4.6 Haiti
30%
5.0 Singapore
30%
4.0 San Marino
20%
5.4 Andorra
15%
5.9 Yemen
15%
No matching quizzes found
Score Distribution
Percent of People with Each Score
Percentile by Number Answered
Your Score History
You have not taken this quiz